000 00426nam a2200157Ia 4500
008 210210b1979 xxu||||| |||| 00| 0 eng d
082 _a653.15 KLIH
100 _aKLIGMAN (Morris I).
245 _aHow to attain high speed and accuracy in pitman shorthand. Ed.6
250 _a
260 _aND
_bPitman shorthand school publications
_c1979
300 _a67
650 _aShorthand
690 _aShorthand
906 _a045068
999 _c94715
_d94715